The next India-China war : (Record no. 150412)

MARC details
000 -LEADER
fixed length control field 00567nam a22001817a 4500
005 - DATE AND TIME OF LATEST TRANSACTION
control field 20180319152201.0
010 ## - LCCN (DPL NO)
LC control number ENG-122337
020 ## - INTERNATIONAL STANDARD BOOK NUMBER
International Standard Book Number 9788126922086
Terms of availability 895.00
035 ## - SYSTEM CONTROL NUMBER
System control number EN-105869
037 ## - SOURCE OF ACQUISITION
Source of stock number/acquisition DBAD/PUB
082 ## - DEWEY DECIMAL CLASSIFICATION NUMBER
Classification number 954.042
100 ## - MAIN ENTRY--PERSONAL NAME
Personal name Haridas, N
245 ## - TITLE STATEMENT
Title The next India-China war :
Remainder of title near or never/
Statement of responsibility, etc by N. Haridas
260 ## - PUBLICATION, DISTRIBUTION, ETC. (IMPRINT)
Place of publication, distribution, etc New Delhi
Name of publisher, distributor, etc Atlantic Publishers
Date of publication, distribution, etc c2016
270 ## - ADDRESS
Address 7/22 Ansari Road , Daryaganj
City New Delhi
Postal code 110002
Telephone number 40775252
Fax number 23285873
300 ## - PHYSICAL DESCRIPTION
Extent v.1 (x,305p.)
Dimensions 23cm.(Hb)
942 ## - ADDED ENTRY ELEMENTS (KOHA)
Source of classification or shelving scheme Dewey Decimal Classification
Item type English Books
Classification part 954.042
Call number suffix HAR
Holdings
Withdrawn status Lost status Not for loan Collection code Home library Current library Date acquired Source of acquisition Cost, normal purchase price Full call number Barcode Copy number Cost, replacement price Koha item type
    Not For Loan Non-fiction D.B.Act.Division Sarojini Nagar 19/03/2018 DBAD/PUB 895.00 954.042 HAR EN-105869 1 895.00 English Books

© Delhi Public Library
Hit Counter
free hit counter